State Interventions and Business in China (Record no. 617286)

MARC details
000 -LEADER
fixed length control field 00537nam a2200181 a 4500
008 - FIXED-LENGTH DATA ELEMENTS--GENERAL INFORMATION
fixed length control field 260309s2026##################000#0#eng##
020 ## - INTERNATIONAL STANDARD BOOK NUMBER
ISBN 9781858984766
Paper back/Hardbound hbk
041 ## - LANGUAGE CODE
Language code of text/sound track or separate title Eng
082 04 - DEWEY DECIMAL CLASSIFICATION NUMBER
Classification number 338.951 LU
100 ## - MAIN ENTRY--AUTHOR NAME
Personal name Lu,Ding
245 10 - TITLE STATEMENT
Title State Interventions and Business in China
Statement of responsibility, etc /by Ding Lu and Zhimin Tang
250 ## - EDITION STATEMENT
Edition statement 1st ed
260 ## - PUBLICATION, DISTRIBUTION, ETC. (IMPRINT)
Place of publication Cheltenham:
Name of publisher Edward Elgar Publishing ltd,
Year of publication 1997.
300 ## - PHYSICAL DESCRIPTION
Number of Pages xv;152p.
Dimensions 20 cm
650 ## - SUBJECT ADDED ENTRY--TOPICAL TERM
Topical Term Economic Development, Social Science.
942 ## - ADDED ENTRY ELEMENTS (KOHA)
Koha item type English Books
Holdings
Withdrawn status Lost status Damaged status Not for loan Home library Current library Shelving location Date acquired Full call number Accession Number Price effective from Koha item type
        Anna Centenary Library Anna Centenary Library 4TH FLOOR, A WING 09.03.2026 338.951 LU 344143 09.03.2026 English Books

Find us on the map